It looks like you're offline.
Open Library logo
additional options menu

MARC record from Internet Archive

LEADER: 02984cam 2200817Ma 4500
001 ocn861506515
003 OCoLC
005 20220114073050.0
008 101221r20101998enk j 000 1 eng
040 $aAU@$beng$cAU@$dOCLCO$dUKM$dYDXCP$dNUI$dOCLCO$dOCLCA$dOCLCQ$dOCLCO$dOCLCF$dOCLCO$dNZTHP$dOCLCO$dLHU
015 $aGBB078729$2bnb
016 7 $a015589489$2Uk
019 $a645702842
020 $a9781408810552$q(pbk.)
020 $a1408810557$q(pbk.)
035 $a(OCoLC)861506515$z(OCoLC)645702842
050 4 $aPR6068.O86$bH363 2010
082 04 $a823.914$222
100 1 $aRowling, J. K.
245 10 $aHarry Potter and the chamber of secrets /$cJ.K. Rowling.
250 $aSignature ed.
260 $aLondon :$bBloomsbury,$c2010.
300 $a251 pages ;$c20 cm
336 $atext$btxt$2rdacontent
337 $aunmediated$bn$2rdamedia
338 $avolume$bnc$2rdacarrier
490 1 $aHarry Potter$v2.
490 1 $aHarry Potter$v; bk 2.
500 $aOriginally published: 1998.
520 $aHarry Potter is a wizard. He is in his second year at Hogwarts School of Witchcraft and Wizardry. Little does he know that this year will be just as eventful as the last.
600 10 $aPotter, Harry$c(Fictitious character)$vJuvenile fiction.
600 17 $aPotter, Harry$c(Fictitious character)$2fast$0(OCoLC)fst01073565
650 0 $aHogwarts School of Witchcraft and Wizardry (Imaginary organization)$vJuvenile fiction.
650 0 $aWizards$vJuvenile fiction.
650 0 $aChildren's stories.
650 7 $aChildren's stories.$2fast$0(OCoLC)fst00856632
650 7 $aHogwarts School of Witchcraft and Wizardry (Imaginary organization)$2fast$0(OCoLC)fst01729962
650 7 $aWizards.$2fast$0(OCoLC)fst01176452
655 7 $aFantasy fiction.$2lcgft
655 0 $aChildren's stories.
655 7 $aFantasy fiction.$2fast$0(OCoLC)fst01726607
655 7 $aFiction.$2fast$0(OCoLC)fst01423787
655 7 $aJuvenile works.$2fast$0(OCoLC)fst01411637
655 7 $aFantasy fiction.$2gsafd
800 1 $aRowling, J. K.$tHarry Potter series ;$v2.
830 0 $aHarry Potter ;$v; bk 2.
830 0 $aHarry Potter ;$v2.
938 $aYBP Library Services$bYANK$n3678743
029 0 $aAU@$b000052090220
029 1 $aAU@$b000046315279
029 1 $aCBK$b122032365
029 1 $aNLGGC$b327908165
029 1 $aNOK$b1408810557
029 1 $aNZ1$b13488193
029 1 $aUKBCI$b122032365
029 1 $aUKBNS$b122032365
029 1 $aUKBOR$b122032365
029 1 $aUKDEL$b122032365
029 1 $aUKDOR$b122032365
029 1 $aUKPMH$b122032365
029 1 $aUKPMH$b1408810557
029 1 $aUKSCO$b122032365
029 1 $aUKSGC$b122032365
029 1 $aUKSOM$b122032365
029 1 $aUKTLS$b122032365
029 1 $aUNITY$b122032365
029 1 $aZWZ$b16423604X
029 1 $aDKDLA$b870970-basis:44931850
029 1 $aAU@$b000069523388
994 $aZ0$bP4A
948 $hNO HOLDINGS IN P4A - 161 OTHER HOLDINGS